A börtönügy helyzete külföldön

Elmentve itt :
Bibliográfiai részletek
Szerző: Ficsor Péter
További közreműködők: Lőrincz József (Témavezető)
Dokumentumtípus: Szakdolgozat
Megjelent: 2006
Tárgyszavak:
Online Access:http://diploma.bibl.u-szeged.hu/29843
LEADER 00552nta a2200157 i 4500
001 dipl29843
005 20130314090606.0
008 110713s2006 hu om 0|| zxx d
040 |a SZTE Diploma Repozitórium  |b hun 
041 |a zxx 
100 1 |a Ficsor Péter 
245 1 2 |a A börtönügy helyzete külföldön  |h [elektronikus dokumentum] /  |c Péter Ficsor 
260 |c 2006 
650 4 |a Jogi és igazgatási tanulmányok 
700 1 |a Lőrincz József  |e ths 
856 4 0 |u http://diploma.bibl.u-szeged.hu/id/eprint/29843/1/2006_ficsor_peter_15_2006.pdf  |z Dokumentum-elérés